Исследование межкультурных взаимодействий народов Тувы, Красноярского края Российской Федерации и Монголии (Запись № 10870699)

Подробности
000 -МАРКЕР
контрольное поле 02210nam0a2200397 i 4500
001 - ИДЕНТИФИКАТОР ЗАПИСИ
контрольное поле RU\NLR\BIBL_A\010980754
005 - ИДЕНТИФИКАТОР ВЕРСИИ
контрольное поле 20240921183305.0
010 ## - МЕЖДУНАРОДНЫЙ СТАНДАРТНЫЙ НОМЕР КНИГИ (ISBN)
Номер (ISBN) 9785990588578
Тираж 500
021 ## - НОМЕР ГОСУДАРСТВЕННОЙ РЕГИСТРАЦИИ
Код страны Российская Федерация
Номер 2016-5947
Номер Листа государственной регистраци 376
035 ## - ДРУГИЕ СИСТЕМНЫЕ НОМЕРА
Идентификатор записи (NILC)RuMoRGB-008131529
035 ## - ДРУГИЕ СИСТЕМНЫЕ НОМЕРА
Идентификатор записи (NLR Aleph) 010980754
100 ## - ДАННЫЕ ОБЩЕЙ ОБРАБОТКИ
Данные общей обработки 20160212d2015 k y0rusy50 ca
101 0# - ЯЗЫК РЕСУРСА
Язык текста, звукозаписи и т.д. русский
102 ## - СТРАНА ПУБЛИКАЦИИ ИЛИ ПРОИЗВОДСТВА
Страна публикации Российская Федерация
105 ## - ПОЛЕ КОДИРОВАННЫХ ДАННЫХ: ТЕКСТОВЫЕ МАТЕРИАЛЫ, МОНОГРАФИЧЕСКИЕ
Кодированные данные о монографическом текстовом документе ac z 000yy
200 1# - ЗАГЛАВИЕ И СВЕДЕНИЯ ОБ ОТВЕТСТВЕННОСТИ
Основное заглавие Исследование межкультурных взаимодействий народов Тувы, Красноярского края Российской Федерации и Монголии
Сведения, относящиеся к заглавию по результатам полевых этнографических экспедиций (2009-2010 гг)
Первые сведения об ответственности [Айыжы Е. В., к.ист.н., доц., Дыртык-оол А. О., к.ист.н., доц., Шимит Л. Д., к.с.-х.н. и др.]
Последующие сведения об ответственности М-во образования и науки Рос. Федерации, ФГБОУ ВПО "Тувинский гос. ун-т"
210 ## - ПУБЛИКАЦИЯ, РАСПРОСТРАНЕНИЕ И ДР.
Место издания, распространения и т.д. Кызыл
Имя издателя, распространителя и т. д. Типография КЦО "Аныяк"
Дата издания, распространения и т.д. 2015
215 ## - ФИЗИЧЕСКАЯ ХАРАКТЕРИСТИКА
Специфическое обозначение материала и объем 127 с.
Другие сведения о физической характеристике ил., цв. ил., портр.
Размеры 29
300 ## - ОБЩИЕ ПРИМЕЧАНИЯ
Текст примечания Авт. указаны на с. 7
320 ## - ПРИМЕЧАНИЯ О НАЛИЧИИ В ДОКУМЕНТЕ БИБЛИОГРАФИИ / УКАЗАТЕЛЯ
Текст примечания Библиогр.: с. 124 (30 назв.)
606 1# - НАИМЕНОВАНИЕ ТЕМЫ КАК ПРЕДМЕТ
Наименование темы Тувинцы
Тематический подзаголовок Традиционная культура
Системный номер авторитетной/нормативной записи 2437013
Идентификатор авторитетной/нормативной записи RU\NLR\AUTH\661450094
606 1# - НАИМЕНОВАНИЕ ТЕМЫ КАК ПРЕДМЕТ
Наименование темы Монголы
Тематический подзаголовок Традиционная культура
Системный номер авторитетной/нормативной записи 2194721
Идентификатор авторитетной/нормативной записи RU\NLR\AUTH\6601554558
686 1# - ИНДЕКСЫ ДРУГИХ КЛАССИФИКАЦИЙ
Индекс Т52(251.7=Ту)
686 1# - ИНДЕКСЫ ДРУГИХ КЛАССИФИКАЦИЙ
Индекс Т52(54Мо)
701 #1 - ИМЯ ЛИЦА - АЛЬТЕРНАТИВНАЯ ОТВЕТСТВЕННОСТЬ
Начальный элемент ввода Айыжы
Часть имени, кроме начального элемента ввода Е. В.
Расширение инициалов личного имени Елена Валерьевна
701 #1 - ИМЯ ЛИЦА - АЛЬТЕРНАТИВНАЯ ОТВЕТСТВЕННОСТЬ
Начальный элемент ввода Дыртык-оол
Часть имени, кроме начального элемента ввода А. О.
Расширение инициалов личного имени Анна Оюновна
Системный номер авторитетной/нормативной записи 149956
Идентификатор авторитетной/нормативной записи RU\NLR\AUTH\770149992
701 #1 - ИМЯ ЛИЦА - АЛЬТЕРНАТИВНАЯ ОТВЕТСТВЕННОСТЬ
Начальный элемент ввода Шимит
Часть имени, кроме начального элемента ввода Л. Д.
Расширение инициалов личного имени Лариса Делгерооловна
711 12 - НАИМЕНОВАНИЕ ОРГАНИЗАЦИИ - АЛЬТЕРНАТИВНАЯ ОТВЕТСТВЕННОСТЬ
Начальный элемент ввода Полевая этнографическая экспедиция
Дата проведения временной организации 2009
Системный номер авторитетной/нормативной записи 514977
Идентификатор авторитетной/нормативной записи RU\NLR\AUTH\880425231
711 12 - НАИМЕНОВАНИЕ ОРГАНИЗАЦИИ - АЛЬТЕРНАТИВНАЯ ОТВЕТСТВЕННОСТЬ
Начальный элемент ввода Полевая этнографическая экспедиция
Дата проведения временной организации 2010
Системный номер авторитетной/нормативной записи 514979
Идентификатор авторитетной/нормативной записи RU\NLR\AUTH\880425232
801 #0 - ИСТОЧНИК ЗАПИСИ
Страна Российская Федерация
Организация РГБ
Дата составления 20160201
Правила каталогизации RCR
801 #1 - ИСТОЧНИК ЗАПИСИ
Страна Российская Федерация
Организация РГБ
Дата составления 20160201
Источник данных rusmarc
942 ## - ДОПОЛНИТЕЛЬНЫЕ ЭЛЕМЕНТЫ ЗАПИСИ (АБИС)
Тип экземпляра АБИС Книга
980 ## - КОЛЛЕКЦИЯ
Название коллекции НБР

Нет доступных экземпляров.